| 000 | 00404nam a2200157Ia 4500 | ||
|---|---|---|---|
| 005 | 20240807062007.0 | ||
| 008 | 240806s9999||||xx |||||||||||||| ||eng|| | ||
| 041 | _aeng | ||
| 082 |
_a891.431009 _bGHAN |
||
| 100 | _aMishra, Vishwanaath | ||
| 245 | 0 |
_aGhananand kavitt (pratham satak) / _cMishra, Vishwanaath |
|
| 260 | _bSanjay Book Centre, Varanasi | ||
| 300 | _a279p. | ||
| 650 | _aHindi | ||
| 942 | _cBK | ||
| 999 |
_c5158 _d5158 |
||